| 000 | 00000nas 2200000za 4500 |
| 001 | 9.840910 |
| 003 | CaOODSP |
| 005 | 20221107151948 |
| 007 | cr ||||||||||| |
| 008 | 170802d20092012oncar psos f0 a0eng|d |
| 040 | |aCaOODSP|beng |
| 043 | |an-cn--- |
| 086 | 1 |aNS1-33E-PDF |
| 110 | 2 |aNatural Sciences and Engineering Research Council of Canada. |
| 245 | 10|aCompetition statistics, Discovery Grants Program |h[electronic resource]. |
| 260 | |a[Ottawa] : |bNatural Sciences and Engineering Research Council of Canada,|c[2009]-2012. |
| 310 | |aAnnual |
| 362 | 0 |aBegan with: 2009? |
| 500 | |aCaption title. |
| 500 | |aIssued also in French under title: Statistiques du concours de subventions à la découverte de ... |
| 520 | 2 |a"This report includes tables and figures that provide summary information on the Discovery Grants competition, as well as a few comparisons to previous competitions." |
| 580 | |aContinued by: Competition statistics, Discovery Grants (DG) and Research Tools and Instruments (RTI) programs. |
| 692 | 07|2gccst|aScholarships |
| 692 | 07|2gccst|aPublic funding |
| 775 | 08|tStatistiques du concours de subventions à la découverte de ... |w(CaOODSP)9.840916 |
| 785 | 00|tCompetition statistics, Discovery Grants (DG) and Research Tools and Instruments (RTI) programs |w(CaOODSP)9.840912 |